Ứng dụng máy ảo Titan chuẩn đoán ứng dụng độc đa hình : Luận Văn Thạc Sĩ Công Nghệ thông Tin Chuyên Ngành Hệ Thống Thông Tin

Malware là loại chương trình phần mềm được thiết kế với ứng dụng xấu ,gây hại cho máy tính và người sử dụng máy tính, phục vụ mục đích riêng cho người tạo ra . Chương trình chuẩn đoán malware có nhiệm vụ nhận dạng và ngăn chặn malware tru...

पूर्ण विवरण

में बचाया:
ग्रंथसूची विवरण
मुख्य लेखक: Nguyễn, Văn Cường
स्वरूप: पुस्तक
भाषा:Undetermined
प्रकाशित: Cần Thơ Trường Đại học Cần Thơ 2010
विषय:
टैग : टैग जोड़ें
कोई टैग नहीं, इस रिकॉर्ड को टैग करने वाले पहले व्यक्ति बनें!
Thư viện lưu trữ: Trung tâm Học liệu Trường Đại học Cần Thơ
LEADER 02052nam a2200217Ia 4500
001 CTU_163149
008 210402s9999 xx 000 0 und d
082 |a 005.365 
082 |b C561 
088 |a 60480104 
100 |a Nguyễn, Văn Cường 
245 0 |a Ứng dụng máy ảo Titan chuẩn đoán ứng dụng độc đa hình : 
245 0 |b Luận Văn Thạc Sĩ Công Nghệ thông Tin Chuyên Ngành Hệ Thống Thông Tin 
245 0 |c Nguyễn Văn Cường ; Trương Minh Nhật Quang (Hướng dẫn Khoa Học) 
260 |a Cần Thơ 
260 |b Trường Đại học Cần Thơ 
260 |c 2010 
520 |a Malware là loại chương trình phần mềm được thiết kế với ứng dụng xấu ,gây hại cho máy tính và người sử dụng máy tính, phục vụ mục đích riêng cho người tạo ra . Chương trình chuẩn đoán malware có nhiệm vụ nhận dạng và ngăn chặn malware trước khi chúng tác động tới hệ thống . Để tránh bị phát hiện người tạo ra malware đã sử dụng nhiều kỹ thuật khác nhau để biến đổi malware,trong đó việc sử dụng chương trình nén mật hoá tập tin thực thi (packer) , tạo ra nhiều thể hiện khác nhau của cùng một malwre là phương pháp phổ biến nhất.Nội dung đề tài tập trung vào việc nghiên cứu , phân tích , đề xuất phương pháp phục hồi tập tin thực thi nén trong môi trường máy ảo,từ đó xây dựng công cụ hỗ trợ các antivirus nhận dạng malware đa hình theo cơ chế hướng chuỗi mã signature-based). 
650 |a Phần mềm ứng dụng,Application software 
904 |i THOA, Hải 
980 |a Trung tâm Học liệu Trường Đại học Cần Thơ